<?xml version="1.0" encoding="UTF-8"?>
<record
    xmlns:xsi="http://www.w3.org/2001/XMLSchema-instance"
    xsi:schemaLocation="http://www.loc.gov/MARC21/slim http://www.loc.gov/standards/marcxml/schema/MARC21slim.xsd"
    xmlns="http://www.loc.gov/MARC21/slim">

  <leader>01464nam a22002417a 4500</leader>
  <datafield tag="999" ind1=" " ind2=" ">
    <subfield code="c">6995</subfield>
    <subfield code="d">6995</subfield>
  </datafield>
  <controlfield tag="003">DO-SdBJH</controlfield>
  <controlfield tag="005">20220906180135.0</controlfield>
  <controlfield tag="008">220906b           ||||| |||| 00| 0 spa d</controlfield>
  <datafield tag="040" ind1=" " ind2=" ">
    <subfield code="a">DO-SdBJH</subfield>
    <subfield code="b">spa</subfield>
    <subfield code="c">DO-SdBJH</subfield>
  </datafield>
  <datafield tag="090" ind1=" " ind2=" ">
    <subfield code="a">TG ANMG</subfield>
    <subfield code="b">01779 2020</subfield>
  </datafield>
  <datafield tag="100" ind1="1" ind2=" ">
    <subfield code="a">Franco Arias, Miky Alejandra</subfield>
    <subfield code="e">sustentante</subfield>
  </datafield>
  <datafield tag="245" ind1="1" ind2="0">
    <subfield code="a">Situaci&#xF3;n actual y prospectiva de la industria mar&#xED;tima en la Rep&#xFA;blica Dominicana / </subfield>
    <subfield code="c"> Miky Alejandra Franco Arias, Eric Joel Fruto Echeverr&#xED;a, asesores Manuel Feliz Ledesma, Ramon De Jes&#xFA;s Jorge Taveras</subfield>
  </datafield>
  <datafield tag="260" ind1=" " ind2=" ">
    <subfield code="a">Santo Domingo Este :</subfield>
    <subfield code="b">INSUDE, </subfield>
    <subfield code="c">2020</subfield>
  </datafield>
  <datafield tag="300" ind1=" " ind2=" ">
    <subfield code="a">xi, 62 p&#xE1;ginas</subfield>
  </datafield>
  <datafield tag="502" ind1=" " ind2=" ">
    <subfield code="a">Trabajo de grado (Licenciado en Ciencias Navales). -- Instituto Superior para la Defensa (INSUDE). Academia Naval Marina de Guerra &#x201C;Vicealmirante Cesar D&#x2019;Windt Lavandier&#x201D;, 2020.</subfield>
  </datafield>
  <datafield tag="504" ind1=" " ind2=" ">
    <subfield code="a">Incluye referencias bibliogr&#xE1;ficas e &#xED;ndices</subfield>
  </datafield>
  <datafield tag="505" ind1=" " ind2=" ">
    <subfield code="a">Elementos de la industria mar&#xED;tima, conforme a los par&#xE1;metros internacionales. -- Incidencia del poder naval en el desarrollo de la industria mar&#xED;timo. -- Situaci&#xF3;n actual de la industria mar&#xED;tima en la Republica Dominicana y cuales son las prospectiva </subfield>
  </datafield>
  <datafield tag="700" ind1="1" ind2=" ">
    <subfield code="a">Fruto Echeverr&#xED;a, Eric Joel </subfield>
    <subfield code="e">sustentante</subfield>
  </datafield>
  <datafield tag="700" ind1="1" ind2=" ">
    <subfield code="a">Feliz Ledesma, Manuel </subfield>
    <subfield code="e">asesor</subfield>
  </datafield>
  <datafield tag="700" ind1="1" ind2=" ">
    <subfield code="a"> Jorge Taveras, Ramon De Jes&#xFA;s</subfield>
    <subfield code="e">asesor</subfield>
  </datafield>
  <datafield tag="830" ind1=" " ind2=" ">
    <subfield code="a">INSUDE.  Academia Naval Marina de Guerra &#x201C;Vicealmirante Cesar D&#x2019;Windt Lavandier&#x201D;. Tesis y disertaciones acad&#xE9;micas</subfield>
  </datafield>
  <datafield tag="942" ind1=" " ind2=" ">
    <subfield code="2">CL</subfield>
    <subfield code="c">T</subfield>
  </datafield>
  <datafield tag="952" ind1=" " ind2=" ">
    <subfield code="0">0</subfield>
    <subfield code="1">0</subfield>
    <subfield code="2">CL</subfield>
    <subfield code="4">0</subfield>
    <subfield code="7">1</subfield>
    <subfield code="8">TG</subfield>
    <subfield code="a">BJHA</subfield>
    <subfield code="b">BJHA</subfield>
    <subfield code="d">2022-09-06</subfield>
    <subfield code="i">01779</subfield>
    <subfield code="l">0</subfield>
    <subfield code="o">TG ANMG 01779 2020</subfield>
    <subfield code="p">01779</subfield>
    <subfield code="r">2022-09-06 00:00:00</subfield>
    <subfield code="t">e.1</subfield>
    <subfield code="w">2022-09-06</subfield>
    <subfield code="y">T</subfield>
  </datafield>
</record>
